Delito político : (Registro nro. 4686)
[ vista simple ]
| 000 -LEADER | |
|---|---|
| fixed length control field | 01330nam a2200265Ia 4500 |
| 003 - CONTROL NUMBER IDENTIFIER | |
| control field | OSt |
| 005 - DATE AND TIME OF LATEST TRANSACTION | |
| control field | 20200811153024.0 |
| 008 - FIXED-LENGTH DATA ELEMENTS--GENERAL INFORMATION | |
| fixed length control field | 191128s2007 c fr 000 0 s d |
| 020 ## - INTERNATIONAL STANDARD BOOK NUMBER | |
| International Standard Book Number | 9789588295633 |
| 040 ## - CATALOGING SOURCE | |
| Original cataloging agency | CO-JMCR |
| Transcribing agency | CO-JMCR |
| 041 0# - LANGUAGE CODE | |
| Language code of text/sound track or separate title | spa |
| 082 04 - DEWEY DECIMAL CLASSIFICATION NUMBER | |
| Classification number | 343.2 / |
| Item number | G216d |
| Edition number | 23 |
| 100 1# - MAIN ENTRY--PERSONAL NAME | |
| Personal name | García Amado, Juan Antonio, |
| Relator term | autor |
| 9 (RLIN) | 8604 |
| 245 10 - TITLE STATEMENT | |
| Title | Delito político : |
| Remainder of title | al hilo de la decisión de la Corte Suprema de Justicia de Colombia de 11 de julio de 2007 : texto de la decisión y aclaración de voto / |
| Statement of responsibility, etc. | Juan Antonio García Amado |
| 250 ## - EDITION STATEMENT | |
| Edition statement | Primera edición |
| 260 ## - PUBLICATION, DISTRIBUTION, ETC. | |
| Place of publication, distribution, etc. | Bogotá : |
| Name of publisher, distributor, etc. | Instituto de Estudios del Ministerio Público : Procuraduria General de la Nación, |
| Date of publication, distribution, etc. | 2007 |
| 300 ## - PHYSICAL DESCRIPTION | |
| Extent | 87 páginas ; |
| Dimensions | 24 cm. |
| 490 0# - SERIES STATEMENT | |
| Series statement | Colección de Derecho penal ; |
| Volume/sequential designation | 10 |
| 500 ## - GENERAL NOTE | |
| General note | Inclye notas a pie de página. |
| 505 0# - FORMATTED CONTENTS NOTE | |
| Formatted contents note | Delito político. Al hilo de la decisión de la Corte Suprema de Justicia de Colombia de 11 de julio de 2007 -- Texto de la decisión -- Aclaración de voto |
| 520 3# - SUMMARY, ETC. | |
| Summary, etc. | La tormenta jurídica que ha desatado en Colombia la decisión de 11 de julio de 2007, preferida por la Sala de Casación Penal de la Corte Suprema de Justicia, tiene ya alcances internacionales. |
| 650 14 - SUBJECT ADDED ENTRY--TOPICAL TERM | |
| Topical term or geographic name entry element | Delitos políticos |
| Geographic subdivision | Colombia |
| 9 (RLIN) | 8605 |
| 650 14 - SUBJECT ADDED ENTRY--TOPICAL TERM | |
| Topical term or geographic name entry element | Jurisprudencia |
| Geographic subdivision | Colombia |
| 9 (RLIN) | 8606 |
| 942 ## - ADDED ENTRY ELEMENTS (KOHA) | |
| Source of classification or shelving scheme | Dewey Decimal Classification |
| Koha item type | Books |
| Withdrawn status | Lost status | Source of classification or shelving scheme | Damaged status | Not for loan | Collection code | Home library | Current library | Date acquired | Source of acquisition | Coded location qualifier | Full call number | Barcode | Date last seen | Copy number | Koha item type |
|---|---|---|---|---|---|---|---|---|---|---|---|---|---|---|---|
| Dewey Decimal Classification | Non-fiction | Biblioteca Pública José María del Castillo y Rada | Biblioteca Pública José María del Castillo y Rada | 12/01/2017 | Donación | $0 | 343.2 / G216d | 230002315 | 05/16/2024 | Ej.1 | Books |